[Event "Chennai op 13th"]
[Site "Chennai"]
[Date "2022.06.19"]
[Round "1"]
[White "Thapa, Ganesh Bahadur"]
[Black "Savchenko, Boris"]
[Result "0-1"]
[WhiteElo "1422"]
[BlackElo "2524"]
[PlyCount "82"]
[EventDate "2022.06.19"]
[EventType "swiss"]
[EventRounds "10"]
[EventCountry "IND"]
[SourceTitle "CBM 209 Extra"]
[Source "ChessBase"]
[SourceDate "2022.09.30"]
[SourceVersion "1"]
[SourceVersionDate "2022.09.30"]
[SourceQuality "1"]

1. e4 c5 2. Nc3 g6 3. Nf3 Bg7 4. Bc4 Nc6 5. h3 a6 6. a3 e6 7. 0-0 Nge7 8. Re1 0-0 9. Bf1 d5 10. d3 h6 11. Bd2 b5 12. Qc1 Kh7 13. Nh2 f5 14. exf5 Nxf5 15. Rb1 Ra7 16. Ne2 Raf7 17. c3 e5 18. g3 Nfe7 19. f4 exf4 20. Nxf4 Qd6 21. Bg2 Bf5 22. Re3 d4 23. Rf3 Ne5 24. Rf1 Nxd3 25. Nxd3 Bxd3 26. Rxf7 Rxf7 27. Bf4 Rxf4 28. gxf4 dxc3 29. bxc3 Bxb1 30. Qxb1 Qxf4 31. Qe1 Nf5 32. Ng4 h5 33. Nf2 Qg3 34. Qe4 Bxc3 35. Nd3 Bd4+ 36. Kh1 c4 37. Ne1 Qd6 38. Qb7+ Kh6 39. Be4 Qf4 40. Nf3 Ng3+ 41. Kg2 Nxe4 0-1